Quiz sur Zeus : Mythologie Grecque - Statistiques

Statistiques générales
  • Ce quiz a été pris 294 fois
  • Le résultat moyen est 12 sur 15
Statistiques - réponses
Question Réponse % Correct
Sœur de Zeus,avec laquelle il se mariera. Déesse du Mariage et de la Vengeance. Héra
97%
Frère de Zeus,Dieu des Océans. Poséidon
97%
Père Cronos
95%
Frère de Zeus,Dieu des Enfers. Hadès
95%
Fils de Zeus,à la force surhumaine,célèbre pour ses 12 Travaux mythiques. Héraclès
88%
Sœur aîné de Zeus,Déesse de l'Agriculture et des Moissons. Déméter
86%
Attributs‚Objet(s) associé(s) Foudre
84%
Sœur aîné de Zeus,Déesse du Foyer familial. Hestia
81%
Zeus aurait «stocké» ce Dieu dans sa cuisse.Ce Dieu est également l'équivalent grec de Bacchus. Dionysos
80%
Animal symbolique Aigle
79%
Mère Rhéa
72%
Zeus condamna ce Titan à subir une torture perpétuelle de la part d'un Aigle,sur le Mont Caucase,l'accusant d'avoir donné délibérément le Feu Sacré aux Hommes. Prométhée
69%
En se mariant avec Dioné,il donne naissance à cette Déesse. Aphrodite
45%
Fille de Zeus,Déesse de la Jeunesse. Hébé
44%
Selon le mythe,Zeus fut élevé par ces femmes mythiques,durant son enfance. Nymphes
43%
Aucun quiz correspondant
Distribution des résultats
% des personnes avec chaque résultat
Percentile par nombre de réponses
Votre historique - résultats
Vous n’avez pas pris ce quiz